00935 2200217 4500001002100000005001500021035002000036007000300056008004100059020002200100082001600122084002200138100003000160245008800190250001200278260004000290300005000330700002400380520027900404600003400683INLIS00000000000235520260414084844 a0010-0426000033ta260414 j 1 ind  a978-602-6234-06-3 a899.221.301 a899.221.301 DIA o0 aDian Onasis ( Pengarang )1 aOdie dan pencuri dari negeri layn :bKapten bhukal /cDian Onasis; editor, D. Liana aCet.III aSemarang :bTiga media prima,c2020 a80 hlm :biIus,bergambar,hitam putih ;c21 cm0 aD. Liana ( Editor ) aCullun mengikuti Odie yang sedang berdarma wisata ke Museum Bank. Ia juga sempat menculik Iwan dan membawanya menelusuri lorong bawah tanah museum. Mampukah Odie menemukan Iwan dan menyelamatkannya? Yuk, kita ikuti kisah petualangan Odie yang semakin seri di buku kedua ini! 4afiksi indonesia - bacaan anak